000 00643nam a2200253Ia 4500
003 OSt
005 20221007095101.0
006 a|||||r|||| 00| 0
007 ta
008 221006b |||||||| |||| 00| 0 eng d
024 _a828
037 _cTextual
040 _aLCO
_cLCO
_beng
041 _2eng
_aeng
082 _aZ3,2675, M5.2
100 _aNARAYANAN P
245 0 _aTrade mark cases
260 _aCalcutta
_bEastern Law House
_c1985
300 _a1130
490 _vVol -2
650 _aTRADE MARK
_9311064
942 _hZ3,2675, M5.2
_cTEXL
999 _c1170391
_d1170391